000 01309cam a22002174a 4500
005 20250605163941.0
008 250528s ||||||||||||||||||||||||d
035 _a15031
020 _a538013508
040 _aGR-AtMCL
_bgre
_dGR-AtMCL
_eAACR2
245 1 _aAccounting Principles / 12th Edition
250 _a12th
260 _bSouth-Western Publishing Co,
_c1977
300 _a916
520 _aIntroduction: Evolution of Accounting, Basic Structure of Accounting, Accounting Principles and Practices, The Accounting Cycle, Completion of the Accounting Cycle, Accounting for a Merchandising Enterprise, Accounting for Merchandise and Cash Transactions, Periodic Reporting, Receivables and Payables and Inventories, Merchandise Inventory, Deferrals and Accruals and Plant Assets and Intangible Assets, Deferrals and Accruals, Plant Assets and Intangible Assets, Accounting Systems, Systems and Controls, Accounting Principles, Partnerships, Corporations, Hardware Service Center, Control Accounting, Continental Manufacturing Company, Decision Making, Management Reports and Special Analyses, Additional Statements and Analyses, Financial Statement Analysis, Appendixes, Index.
700 1 _aFess Philip E
_9865
700 1 _aNiswonger C.Rollin
_9866
942 _cBK
999 _c635
_d635